Scrambled Book Titles Quiz Stats

 Plays Quiz not verified by Sporcle

Score 0/30 Timer 10:00
0 Plays Today
Scrambled Title Book Name % Correct
89141984
88.2%
mealthhamlet
79.4%
ladcarudracula
78.7%
ppe e arderidcdujnipride and prejudice
77.9%
tloin barcdki k moglito kill a mockingbird
77.2%
lar maaimnfanimal farm
76.5%
rikenntnseaffrankenstein
76.5%
lsyuessulysses
75.7%
grae opcteattensixgreat expectations
72.8%
lmwiotn leetlittle women
72.1%
aeadacn w perwar and peace
71.3%
hathhce eene icyt rrtthe catcher in the rye
71.3%
wefrsh tpa ogragrapes of wrath
70.6%
uestwhhitgenh rigwuthering heights
68.4%
rsvei iltwotoliver twist
67.6%
Scrambled Title Book Name % Correct
kidymc bomoby dick
67.6%
esecr eltr ttaleththe scarlet letter
62.5%
mnef ne mcao diof mice and men
61.8%
o tcito a seatfilewa tale of two cities
52.9%
ercia iphesnm dmuntncrime and punishment
50%
ca hsoca lmirrsata christmas carol
49.3%
riofeal pciveddpddavid copperfield
49.3%
ensda slm aoah fatedeath of a salesman
47.1%
l'vtllg eresrusvaigulliver's travels
46.3%
kbeutb yaaclblack beauty
45.6%
tndhaufeonaifountainhead
41.2%
anidpek!dpkidnapped!
39%
kcoga nrolaokr ecwa clockwork orange
39%
iinnes aivlbminvisible man
36.8%
hrept leathe pearl
30.1%

You're not logged in!

Compare scores with friends on all Sporcle quizzes.
OR
Log In

Show Comments

Extras

Top Quizzes Today


Score Distribution

Your Account Isn't Verified!

In order to create a playlist on Sporcle, you need to verify the email address you used during registration. Go to your Sporcle Settings to finish the process.

Report this User

Report this user for behavior that violates our Community Guidelines.

Details: